000
00273nam a22001217a 4500
082
_a
823
_b
HAG/K
100
_a
HAGGARD, H RIDER
245
_a
KING SOLOMON'S MINES
260
_a
CALICUT
_b
UNIVERSITY PRESS
_c
1976
300
_a
83
650
_a
ENGLISH STORY
_z
INDIA
942
_c
BK
999
_c
7269
_d
7269